| Tag |
First Indicator |
Second Indicator |
Subfields |
| LEADER |
00000cam a2200000 a 4500 |
| 001 |
in00000092760 |
| 005 |
20231218162556.7 |
| 008 |
780926s1978 coua bc 000 0 engm |
| 010 |
|
|
|a 78053273
|
| 035 |
|
|
|a (OCoLC)04492518
|
| 035 |
|
|
|9 AAK7763AM
|
| 040 |
|
|
|a DLC
|c DLC
|d m.c.
|d TXA
|d UtOrBLW
|
| 049 |
|
|
|a TXAS
|c [1702061]
|
| 050 |
0 |
0 |
|a ND237.B717
|b A4 1978
|
| 082 |
0 |
|
|a 759.13
|
| 100 |
1 |
|
|a Henning, William T.
|
| 245 |
1 |
0 |
|a Ernest L. Blumenschein retrospective, Colorado Springs Fine Arts Center, March 5-April 16, 1978 /
|c written and edited by William T. Henning, Jr.
|
| 264 |
|
1 |
|a Colorado Springs :
|b The Center,
|c [1978]
|
| 264 |
|
4 |
|c ©1978
|
| 300 |
|
|
|a 80 pages :
|b black & white illustrations ;
|c 22 x 29 cm.
|
| 336 |
|
|
|a text
|b txt
|2 rdacontent
|
| 337 |
|
|
|a unmediated
|b n
|2 rdamedia
|
| 338 |
|
|
|a volume
|b nc
|2 rdacarrier
|
| 500 |
|
|
|a "Index of the art works": pages 69-74.
|
| 504 |
|
|
|a Includes bibliographical references (pages 69-74).
|
| 600 |
1 |
0 |
|a Blumenschein, E. L.
|q (Ernest Leonard),
|d 1874-1960
|x Exhibitions.
|
| 700 |
1 |
|
|a Blumenschein, E. L.
|q (Ernest Leonard),
|d 1874-1960.
|
| 710 |
2 |
|
|a Colorado Springs Fine Arts Center.
|
| 999 |
|
|
|a MARS
|
| 999 |
f |
f |
|s f4238196-1bb8-347d-a47a-2099c57ff0d1
|i ee2a96a2-130c-36e4-8a15-96b7999938ff
|t 0
|
| 952 |
f |
f |
|p noncirc
|a Texas A&M University
|b College Station
|c Cushing Memorial Library & Archives
|d Cushing: Dykes (Does not check out)
|t 0
|e ND237.B717 A4 1978
|h Library of Congress classification
|i unmediated -- volume
|m A1485312878E
|
| 998 |
f |
f |
|a ND237.B717 A4 1978
|t 0
|l Cushing: Dykes (Does not check out)
|